| 000 | 00373 a2200133 4500 | ||
|---|---|---|---|
| 003 | Nust | ||
| 005 | 20170207155134.0 | ||
| 040 | _cNust | ||
| 082 | _a799 | ||
| 245 |
_aOpening Address of JSC / MCC-46 ,Photgraphs-2012 _cMCS |
||
| 260 |
_aRawalpindi _bMCS _c23-Jan-2012 |
||
| 650 | _aPictures of Opening Address of JSC / MCC-46, Photgraphs 2012,(CD- NO 22) | ||
| 651 | _aSweet Memories-MCS | ||
| 942 | _cBK | ||
| 999 |
_c200292 _d200292 |
||